| 000 | 01879nam a2200229Ia 4500 | ||
|---|---|---|---|
| 003 | Ost | ||
| 005 | 20260507075349.0 | ||
| 008 | 260507s9999||||xx |||||||||||||| ||und|| | ||
| 020 | _a72954229779 | ||
| 040 | _cfsecg | ||
| 041 | _aara | ||
| 082 | _a330 | ||
| 100 |
_aعبد الحميد، عبد المطلب _eمؤلف |
||
| 245 | 0 |
_aالسياسة النقدية وإستقلالية البنك المركزي / _c عبد المطلب عبد الحميد |
|
| 260 |
_aالإسكندرية: _bالدار الجامعية, _c2013 |
||
| 300 |
_a472 صفحة؛ _bإيضاحات ؛ _c24 سم |
||
| 520 | _aنظرة إجمالية للسياسة النقدية- السياسة النقدية في إطار النظريات الإقتصادية المختلفة- تحليل أهداف السياسة النقدية- دور السياسة النقدية في تحقيق الإستقرار والتوازن النقدي والإقتصادي- التضخم، أسبابه وآثاره الإقتصادية- السياسة النقدية وعلاج التضخم- علاج التضخم من خلال سياسات التثبيت والإصلاح الهيكلي- فعالية السياسة النقدية في إقتصادات الدول المتقدمة- فعالية السياسة النقدية في إقتصادات الدول النامية-إقتصاديات البنوك المالية- إستقلالية البنك المركزي والسلامة المصرفية- مفهوم إستقلالية البنك المركزي ومعاييرها ودرجاتها- إستقلالية البنك المركزي قبل وبعد الخصخصة- تحليلات السياسة النقدية في مصر خلال الفترة 1991-2011 | ||
| 653 | _aالإقتصاد النقدي | ||
| 653 | _aالبنك المركزي | ||
| 653 | _aالسياسة النقدية | ||
| 942 | _cكتاب | ||
| 999 |
_c44126 _d44126 |
||